|
|
|
|
| LEADER |
00837cam a2200241 a 4500 |
| 001 |
c000107291 |
| 003 |
CARM |
| 005 |
19710101000000.0 |
| 008 |
720707s1972 enk 000 1 eng d |
| 015 |
|
|
|a B7217637
|
| 019 |
1 |
|
|a 3530380
|5 LACONCORD2021
|
| 020 |
|
|
|a 0263050157 :
|c L.0.80
|
| 035 |
|
|
|a (OCoLC)16191889
|5 LACONCORD2021
|
| 040 |
|
|
|a BNB
|b eng
|c BNB
|
| 082 |
0 |
4 |
|a 823/.9/1
|2 18
|
| 100 |
1 |
|
|a Mather, Anne.
|
| 245 |
1 |
0 |
|a Living with Adam /
|c by Anne Mather.
|
| 260 |
|
|
|a London :
|b Mills and Boon,
|c 1972.
|
| 300 |
|
|
|a 191 p. ;
|c 20cm.
|
| 500 |
|
|
|a Fiction in English, 1900-. Texts (BNB/PRECIS)
|
| 852 |
8 |
|
|b CARM
|h A2:AI06G0
|i A02102
|p 0154235
|f BK
|
| 999 |
f |
f |
|i 5c741c13-1e81-51cc-a720-57abd2f41ffb
|s d51af8f0-6a2c-5e71-bec4-37c27b4fbff7
|
| 952 |
f |
f |
|p Can circulate
|a CAVAL
|b CAVAL
|c CAVAL
|d CARM 1 Store
|e A02102
|f A2:AI06G0
|h Other scheme
|i book
|m 0154235
|